[Event "Azuqueca de Henares op 2nd"]
[Site "Azuqueca de Henares"]
[Date "2014.09.16"]
[Round "4"]
[White "Valmana Canto, Jaime"]
[Black "Ledo Galan, Jose Emilio"]
[Result "1-0"]
[WhiteElo "2353"]
[BlackElo "2047"]
[PlyCount "75"]
[EventDate "2014.09.13"]
[EventType "swiss"]
[EventRounds "9"]
[EventCountry "ESP"]
[SourceTitle "CBM 162 Extra"]
[Source "ChessBase"]
[SourceDate "2014.10.17"]
[SourceVersion "1"]
[SourceVersionDate "2014.10.17"]
[SourceQuality "1"]

1. d4 f5 2. g3 Nf6 3. Bg2 d5 4. Nh3 e6 5. 0-0 Bd6 6. c4 c6 7. Bf4 0-0 8. Nd2 Bxf4 9. Nxf4 g5 10. Nd3 Qe8 11. Nf3 h6 12. Qc1 Qh5 13. b4 Ne4 14. Nfe5 Nd7 15. Bf3 Qe8 16. b5 Ndf6 17. cxd5 cxd5 18. a4 Bd7 19. Qc7 Nd2 20. Rfe1 Nb3 21. Rab1 Nxd4 22. Qxb7 Qc8 23. Qxc8 Rfxc8 24. e3 Nxf3+ 25. Nxf3 Rc4 26. a5 Rb8 27. Nd4 Ra4 28. Ne5 Rc8 29. b6 axb6 30. axb6 Rb8 31. Rec1 Ra6 32. b7 Kf8 33. Ndc6 Bxc6 34. Nxc6 Rxc6 35. Rxc6 Ke7 36. Rc8 Nd7 37. Rxb8 Nxb8 38. Rc1 1-0

[Event "Collado Villalba op 30th"]
[Site "Collado Villalba"]
[Date "2013.08.28"]
[Round "6"]
[White "Ledo Galan, Jose Emilio"]
[Black "Rincon Carrillo, Ricardo"]
[Result "1-0"]
[WhiteElo "2044"]
[BlackElo "1956"]
[PlyCount "69"]
[EventDate "2013.08.23"]
[EventType "swiss"]
[EventRounds "9"]
[EventCountry "ESP"]
[SourceTitle "CBM 156 Extra"]
[Source "ChessBase"]
[SourceDate "2013.10.22"]
[SourceVersion "1"]
[SourceVersionDate "2013.10.22"]
[SourceQuality "1"]

1. e4 c5 2. Nf3 d6 3. d4 cxd4 4. Nxd4 Nf6 5. Nc3 a6 6. Bc4 e6 7. 0-0 b5 8. Bb3 b4 9. Na4 Be7 10. Re1 0-0 11. f3 Bd7 12. c3 Nc6 13. Be3 Rb8 14. Nxc6 Bxc6 15. cxb4 Rxb4 16. Nc3 Nd7 17. Rc1 Qa8 18. a3 Rbb8 19. Ba4 Rfc8 20. b4 Ne5 21. Qe2 Bb5 22. Bxb5 axb5 23. Nxb5 Rxc1 24. Bxc1 Qa6 25. Nd4 Qa7 26. Bb2 Nxf3+ 27. Qxf3 Bf6 28. Qf2 Rc8 29. Rd1 e5 30. Ne2 Qa4 31. Rc1 Rc2 32. Nc3 Rxc3 33. Rxc3 Qd1+ 34. Qf1 Qd4+ 35. Kh1 1-0

[Event "Tres Cantos op 4th"]
[Site "Tres Cantos"]
[Date "2012.06.29"]
[Round "9"]
[White "Ledo Galan, Jose Emilio"]
[Black "Nunez Miranda, Adrian"]
[Result "0-1"]
[WhiteElo "2079"]
[BlackElo "1902"]
[PlyCount "128"]
[EventDate "2012.06.21"]
[EventType "swiss"]
[EventRounds "9"]
[EventCountry "ESP"]
[SourceTitle "CBM 149 Extra"]
[Source "ChessBase"]
[SourceDate "2012.08.24"]
[SourceVersion "1"]
[SourceVersionDate "2012.08.24"]
[SourceQuality "1"]

1. e4 e5 2. Nf3 d6 3. d4 exd4 4. Nxd4 Nf6 5. Nc3 Nbd7 6. Bc4 Be7 7. 0-0 0-0 8. Nf5 Nc5 9. Nxe7+ Qxe7 10. f3 c6 11. Bg5 b5 12. Be2 b4 13. Nb1 Qe5 14. Be3 Ne6 15. Qc1 Qa5 16. Nd2 d5 17. Nb3 Qc7 18. exd5 Nxd5 19. Bf2 Nef4 20. Qd2 a5 21. Nc5 Qe5 22. Bd3 Qg5 23. Be1 Ne3 24. Ne4 Nh3+ 25. Kh1 Nxf1 26. Qxg5 Nxg5 27. Nxg5 h6 28. Nxf7 Rxf7 29. Bxf1 Ba6 30. Bxa6 Rxa6 31. Rd1 Re7 32. Kg1 Re2 33. Bd2 c5 34. Kf1 Rae6 35. c3 Kf7 36. cxb4 axb4 37. a3 bxa3 38. bxa3 Re7 39. a4 R2e6 40. Rc1 Rd7 41. Be1 Rd4 42. a5 Ra4 43. Rb1 Ra2 44. Bc3 Rc2 45. Rb7+ Re7 46. Rxe7+ Kxe7 47. Bxg7 h5 48. h3 Ra2 49. Bc3 Kf7 50. Be1 c4 51. g4 Kg6 52. f4 Rc2 53. Bb4 Rb2 54. f5+ Kf7 55. Be1 Rh2 56. g5 Rxh3 57. Kg2 Rb3 58. g6+ Kf6 59. Bf2 Kxf5 60. g7 Rb8 61. Bd4 Ra8 62. a6 Kg6 63. Kf3 Kf7 64. Kf4 Rxa6 0-1

[Event "Collado Villalba op 28th"]
[Site "Collado Villalba"]
[Date "2011.08.29"]
[Round "7"]
[White "Ledo Galan, Jose Emilio"]
[Black "Mena Corrochano, Alberto"]
[Result "0-1"]
[WhiteElo "2073"]
[BlackElo "2175"]
[PlyCount "86"]
[EventDate "2011.08.23"]
[EventType "swiss"]
[EventRounds "9"]
[EventCountry "ESP"]
[SourceTitle "CBM 144 Extra"]
[Source "ChessBase"]
[SourceDate "2011.10.28"]
[SourceVersion "1"]
[SourceVersionDate "2011.10.28"]
[SourceQuality "1"]

1. e4 c5 2. Nf3 e6 3. d4 cxd4 4. Nxd4 Nc6 5. Nc3 Qc7 6. Be3 a6 7. a3 Nf6 8. Be2 Nxd4 9. Bxd4 Bd6 10. h3 b5 11. Bf3 Rb8 12. 0-0 Bb7 13. Re1 Be5 14. Qd2 d6 15. Rad1 0-0 16. Bxe5 dxe5 17. Qd6 Qxd6 18. Rxd6 Rfd8 19. Red1 Rxd6 20. Rxd6 Kf8 21. Kf1 Ke7 22. Rd2 Rc8 23. Ke2 Ne8 24. Ke3 Nd6 25. Be2 Rxc3+ 26. bxc3 Nxe4 27. Rd1 Nxc3 28. Rg1 f5 29. g3 g5 30. f3 e4 31. fxe4 Nxe2 32. Kxe2 Bxe4 33. c3 Bd5 34. Ke3 e5 35. Ra1 f4+ 36. gxf4 gxf4+ 37. Kd3 Ke6 38. a4 Kf5 39. axb5 axb5 40. Ra7 Bc4+ 41. Kd2 e4 42. Rxh7 e3+ 43. Ke1 f3 0-1

[Event "Collado Villalba op 28th"]
[Site "Collado Villalba"]
[Date "2011.08.23"]
[Round "1"]
[White "Ledo Galan, Jose Emilio"]
[Black "Madurga Lopez, Ignacio"]
[Result "1-0"]
[WhiteElo "2073"]
[BlackElo "2036"]
[PlyCount "49"]
[EventDate "2011.08.23"]
[EventType "swiss"]
[EventRounds "9"]
[EventCountry "ESP"]
[SourceTitle "CBM 144 Extra"]
[Source "ChessBase"]
[SourceDate "2011.10.28"]
[SourceVersion "1"]
[SourceVersionDate "2011.10.28"]
[SourceQuality "1"]

1. e4 c5 2. Nf3 d6 3. d4 cxd4 4. Nxd4 Nf6 5. Nc3 a6 6. Be2 e5 7. Nb3 Be7 8. Be3 0-0 9. 0-0 b5 10. Nd5 Nbd7 11. Nxe7+ Qxe7 12. f3 Nc5 13. c4 Nxb3 14. axb3 bxc4 15. Bxc4 Be6 16. Bxa6 Rfb8 17. Bc4 Bxc4 18. Rxa8 Rxa8 19. bxc4 Qc7 20. Qd3 Nd7 21. Rd1 Ra6 22. b4 Ra4 23. Qxd6 Qxd6 24. Rxd6 Nf8 25. Rd8 1-0

[Event "Benidorm op U2000 09th"]
[Site "Benidorm"]
[Date "2010.12.10"]
[Round "9"]
[White "Ledo Galan, Jose Emilio"]
[Black "Alcaraz Lopez, Francesco"]
[Result "1-0"]
[WhiteElo "1998"]
[BlackElo "1958"]
[PlyCount "84"]
[EventDate "2010.12.03"]
[EventType "swiss"]
[EventRounds "10"]
[EventCountry "ESP"]
[SourceTitle "CBM 139 Extra"]
[Source "ChessBase"]
[SourceDate "2011.01.05"]
[SourceVersion "1"]
[SourceVersionDate "2011.01.05"]
[SourceQuality "1"]

1. e4 c5 2. Nf3 Nc6 3. d4 cxd4 4. Nxd4 Nf6 5. Nc3 g6 6. Nxc6 dxc6 7. Qxd8+ Kxd8 8. Bf4 Be6 9. 0-0-0+ Ke8 10. Be2 Bg7 11. Kb1 Rd8 12. h3 h5 13. Bf3 Nd7 14. Be3 Bxc3 15. bxc3 f6 16. Rd2 Nb6 17. Rhd1 Rxd2 18. Bxd2 Kd7 19. Bc1+ Kc8 20. Ba3 Re8 21. Rd4 Nc4 22. Bc1 Rd8 23. Be2 b5 24. f4 Bf7 25. f5 g5 26. g3 a6 27. a4 Kc7 28. axb5 cxb5 29. h4 Rxd4 30. cxd4 g4 31. Bf4+ Kc6 32. c3 e6 33. fxe6 Bg6 34. d5+ Kc5 35. Bd3 Ne5 36. Bc2 a5 37. Bh6 Nc4 38. Bf8+ Kb6 39. Kc1 Ne3 40. d6 Nxc2 41. d7 Kc7 42. Be7 Kb7 1-0

[Event "Benidorm op U2000 09th"]
[Site "Benidorm"]
[Date "2010.12.08"]
[Round "7"]
[White "Ledo Galan, Jose Emilio"]
[Black "Ruiz Ruiz, Guillermo"]
[Result "1-0"]
[WhiteElo "1998"]
[BlackElo "1908"]
[PlyCount "37"]
[EventDate "2010.12.03"]
[EventType "swiss"]
[EventRounds "10"]
[EventCountry "ESP"]
[SourceTitle "CBM 139 Extra"]
[Source "ChessBase"]
[SourceDate "2011.01.05"]
[SourceVersion "1"]
[SourceVersionDate "2011.01.05"]
[SourceQuality "1"]

1. e4 e6 2. Nc3 d5 3. Nf3 dxe4 4. Nxe4 Nf6 5. Nxf6+ Qxf6 6. d4 Qd8 7. Bd3 Nd7 8. 0-0 Nf6 9. Re1 Be7 10. Bf4 0-0 11. Be5 b6 12. Ng5 g6 13. Qf3 Rb8 14. Qh3 Nh5 15. Nxh7 Re8 16. g4 Ng7 17. Qh6 f6 18. Bxg6 Bb7 19. Nf8 1-0

[Event "Benidorm op U2000 09th"]
[Site "Benidorm"]
[Date "2010.12.03"]
[Round "1"]
[White "Ledo Galan, Jose Emilio"]
[Black "Portillo Castellon, Javier"]
[Result "1-0"]
[WhiteElo "1998"]
[BlackElo "1814"]
[PlyCount "99"]
[EventDate "2010.12.03"]
[EventType "swiss"]
[EventRounds "10"]
[EventCountry "ESP"]
[SourceTitle "CBM 139 Extra"]
[Source "ChessBase"]
[SourceDate "2011.01.05"]
[SourceVersion "1"]
[SourceVersionDate "2011.01.05"]
[SourceQuality "1"]

1. e4 c6 2. Nf3 d5 3. Nc3 dxe4 4. Nxe4 Nf6 5. Nxf6+ exf6 6. Bc4 Bd6 7. 0-0 0-0 8. Re1 Bg4 9. d4 Nd7 10. c3 Re8 11. Qb3 Rxe1+ 12. Nxe1 Qe7 13. Be3 b5 14. Bd3 Nb6 15. Qc2 g6 16. h3 Be6 17. Rd1 Nd5 18. Bc1 Nf4 19. Be4 Rd8 20. b3 Bd5 21. Bxd5 Nxd5 22. Nf3 Re8 23. Bd2 Qe4 24. Qxe4 Rxe4 25. Re1 Rxe1+ 26. Nxe1 Kf8 27. Kf1 Nf4 28. Bxf4 Bxf4 29. Ke2 Ke7 30. Kd3 Ke6 31. c4 Bc1 32. Nc2 f5 33. Nb4 bxc4+ 34. Kxc4 Kd6 35. Nd3 Bg5 36. Ne5 f6 37. Nf7+ Ke6 38. Nxg5+ fxg5 39. d5+ Kd6 40. dxc6 Kxc6 41. b4 h5 42. a4 h4 43. Kd4 Kd6 44. b5 Kc7 45. a5 g4 46. Ke5 gxh3 47. gxh3 Kd7 48. Kf6 Kd6 49. b6 a6 50. Kxg6 1-0

[Event "Tres Cantos op 2nd"]
[Site "Tres Cantos"]
[Date "2010.06.24"]
[Round "6"]
[White "Ledo Galan, Jose Emilio"]
[Black "Sebastian Enesco, Alex"]
[Result "0-1"]
[WhiteElo "1977"]
[BlackElo "1795"]
[PlyCount "48"]
[EventDate "2010.06.19"]
[EventType "swiss"]
[EventRounds "9"]
[EventCountry "ESP"]
[SourceTitle "CBM 137 Extra"]
[Source "ChessBase"]
[SourceDate "2010.09.01"]
[SourceVersion "1"]
[SourceVersionDate "2010.09.01"]
[SourceQuality "1"]

1. e4 d5 2. exd5 Nf6 3. c4 c6 4. dxc6 Nxc6 5. Nf3 e5 6. d3 e4 7. dxe4 Qxd1+ 8. Kxd1 Nxe4 9. Be3 Bg4 10. a3 0-0-0+ 11. Kc1 Bc5 12. Be2 Bxe3+ 13. fxe3 Nc5 14. Nbd2 Rhe8 15. e4 Rxd2 16. Kxd2 Nb3+ 17. Kd3 Nxa1 18. Rxa1 f5 19. exf5 Bxf5+ 20. Kd2 Na5 21. Re1 Nb3+ 22. Kc3 Re3+ 23. Kb4 a5+ 24. Kb5 Bd7+ 0-1

[Event "Benidorm op U2000 08th"]
[Site "Benidorm"]
[Date "2009.11.30"]
[Round "3"]
[White "Fernandez Garcia, Ignacio"]
[Black "Ledo Galan, Jose Emilio"]
[Result "1-0"]
[WhiteElo "1895"]
[BlackElo "1983"]
[PlyCount "79"]
[EventDate "2009.11.28"]
[EventType "swiss"]
[EventRounds "10"]
[EventCountry "ESP"]
[SourceTitle "CBM 133 Extra"]
[Source "ChessBase"]
[SourceDate "2010.01.05"]
[SourceVersion "1"]
[SourceVersionDate "2010.01.05"]
[SourceQuality "1"]

1. e4 c5 2. Nc3 d6 3. g3 Nc6 4. Bg2 Nf6 5. d3 g6 6. Be3 Bg7 7. Nf3 0-0 8. Qc1 Ng4 9. Bd2 a6 10. h3 Nge5 11. Nh2 Nd4 12. f4 Nec6 13. a3 b5 14. Nd5 e6 15. Ne3 Rb8 16. Qd1 b4 17. 0-0 bxa3 18. bxa3 Nb5 19. f5 Ne5 20. Rb1 Bb7 21. Nhg4 Nxg4 22. Nxg4 Nc3 23. Bxc3 Bxc3 24. f6 h5 25. Qc1 hxg4 26. Qg5 Bd4+ 27. Kh2 Bxf6 28. Rxf6 Kg7 29. Rbf1 Bc6 30. hxg4 Rh8+ 31. Kg1 Be8 32. Qf4 Rb7 33. e5 d5 34. c4 Ra7 35. cxd5 exd5 36. e6 Qc7 37. exf7 Qxf4 38. fxe8N+ Kh7 39. gxf4 Rxe8 40. Bxd5 1-0

[Event "Galapagar op 10th"]
[Site "Galapagar"]
[Date "2009.07.22"]
[Round "5"]
[White "Fernandez Garcia, Miguel Angel"]
[Black "Ledo Galan, Jose Emilio"]
[Result "1-0"]
[WhiteElo "2269"]
[BlackElo "1969"]
[PlyCount "193"]
[EventDate "2009.07.18"]
[EventType "swiss"]
[EventRounds "9"]
[EventCountry "ESP"]
[SourceTitle "EXT 2010"]
[Source "ChessBase"]
[SourceDate "2010.11.25"]
[SourceVersion "1"]
[SourceVersionDate "2010.11.25"]
[SourceQuality "1"]

1. d4 Nf6 2. c4 g6 3. Nc3 Bg7 4. e4 d6 5. Nf3 0-0 6. Be3 e5 7. dxe5 dxe5 8. Qxd8 Rxd8 9. Nd5 Nxd5 10. cxd5 f5 11. Bc4 Rd6 12. Bc5 fxe4 13. Bxd6 exf3 14. Bxc7 fxg2 15. Rg1 Bh3 16. d6+ Kf8 17. Bd5 Nc6 18. Bxg2 Bf5 19. Bxc6 bxc6 20. Rc1 Be4 21. Rg4 Bd5 22. d7 Bf6 23. Rb4 Kf7 24. Rb7 Ke6 25. d8Q Bxd8 26. Bxd8 Rxd8 27. Rxa7 Rb8 28. b3 h5 29. Rg7 Kf6 30. Ra7 Rb4 31. Ra4 Rb6 32. h4 e4 33. Ke2 g5 34. hxg5+ Kxg5 35. Rg1+ Kf6 36. Ra8 Rb7 37. Ke3 Rh7 38. b4 h4 39. b5 cxb5 40. Ra6+ Kf5 41. Rag6 Rh5 42. Rb6 h3 43. Rxb5 Ke5 44. Rd1 Ke6 45. Rb6+ Kd7 46. Rxd5+ Rxd5 47. Rh6 Ra5 48. Kxe4 Rxa2 49. Kf3 Ra3+ 50. Kg4 Ra2 51. Kg3 Ke7 52. Rxh3 Kf6 53. Rh5 Ra1 54. Kg4 Rf1 55. f3 Kg6 56. Rb5 Rg1+ 57. Kf4 Rf1 58. Rb6+ Kf7 59. Kg4 Ra1 60. f4 Ra5 61. Rh6 Kg7 62. Rd6 Ra7 63. Kg5 Rb7 64. f5 Ra7 65. Rg6+ Kf7 66. Rh6 Ra5 67. Rh7+ Kg8 68. Re7 Ra6 69. Re6 Ra7 70. Rd6 Kf7 71. Rh6 Ra5 72. Rh8 Kg7 73. Rh1 Rb5 74. Ra1 Rb7 75. Ra6 Rc7 76. Rg6+ Kf7 77. Rh6 Rc5 78. Rh7+ Kg8 79. Re7 Kf8 80. Rd7 Rc6 81. Kf4 Ra6 82. Ke5 Rb6 83. Rh7 Kg8 84. Re7 Kf8 85. Re6 Rb7 86. Kf6 Rf7+ 87. Kg6 Rg7+ 88. Kf6 Rf7+ 89. Kg5 Ra7 90. Rd6 Kf7 91. Rh6 Kg8 92. Kg6 Ra6+ 93. f6 Rb6 94. Rh4 Ra6 95. Rb4 Ra8 96. Rb7 Rc8 97. Rg7+ 1-0

[Event "Galapagar op 10th"]
[Site "Galapagar"]
[Date "2009.07.20"]
[Round "3"]
[White "Ledo Galan, Jose Emilio"]
[Black "Garcia Ines Sanchez, Gustavo"]
[Result "1-0"]
[WhiteElo "1969"]
[BlackElo "1793"]
[PlyCount "45"]
[EventDate "2009.07.18"]
[EventType "swiss"]
[EventRounds "9"]
[EventCountry "ESP"]
[SourceTitle "EXT 2010"]
[Source "ChessBase"]
[SourceDate "2010.11.25"]
[SourceVersion "1"]
[SourceVersionDate "2010.11.25"]
[SourceQuality "1"]

1. d4 Nf6 2. c4 g6 3. Nc3 Bg7 4. e4 d6 5. f4 0-0 6. Be2 Nbd7 7. e5 dxe5 8. fxe5 Ne8 9. Nf3 b6 10. Bf4 e6 11. h4 Bb7 12. h5 Bxf3 13. Bxf3 Rb8 14. Qd2 f6 15. hxg6 fxe5 16. Bh6 Bxh6 17. Qxh6 Ndf6 18. dxe5 Qd4 19. gxh7+ Kf7 20. Qxf8+ Kxf8 21. h8Q+ Ke7 22. exf6+ Kd7 23. Rd1 1-0